Premier League goals for players - Statistics

General Stats
  • This quiz has been taken 21 times
  • The average score is 15 of 21
Answer Stats
Goals Nationality Answer % Correct
260 England Alan Shearer
100%
175 France Thierry Henry
100%
144 Netherlands Robin van Persie
95%
208 England Wayne Rooney
95%
150 England Michael Owen
90%
181 Argentina Sergio Agüero
90%
120 England Steven Gerrard
90%
177 England Frank Lampard
85%
164 England Harry Kane
80%
126 Ireland Robbie Keane
80%
113 Belgium Romelu Lukaku
70%
187 England Andrew Cole
65%
123 Trinidad and Tobago Dwight Yorke
65%
163 England Robbie Fowler
60%
116 England Jamie Vardy
55%
162 England Jermain Defoe
55%
146 England Teddy Sheringham
50%
113 England Ian Wright
40%
127 Netherlands Jimmy Floyd Hasselbaink
35%
149 England Les Ferdinand
35%
125 France Nicholas Anelka
35%
No matching quizzes found
Score Distribution
Percent of People with Each Score
Percentile by Number Answered
Your Score History
You have not taken this quiz